000
00283nam a2200121Ia 4500
008
241002s9999 xx 000 0 und d
082
_a
954.9104 SYM
100
_a
Symonds, Richard
245
4
_a
The Making of Pakistan
260
_a
Karachi:
_c
1966
600
_a
History
942
_c
UC
999
_c
18375
_d
18375